இறுதி வரவு செலவுத்திட்ட நிலை அறிக்கை : வருடாந்த அறிக்கை 2024.

Irithie varavu selavuththtitta nilai arikkai (varudantha arikkai 2024..
Saved in:
Bibliographic Details
Main Author: [தொகைமதிப்பு புள்ளிவிபரத் திணைக்களம்]
Format: Book
Language:Sinhalese
Published: இலங்கை : தொகைமதிப்பு புள்ளிவிபரத் திணைக்களம், 2024.
Tags: Add Tag
No Tags, Be the first to tag this record!

MARC

LEADER 00000nam a2200000 4500
003 LK-CoNLD
005 20260312122325.0
008 260312b |||||||| |||| 00| 0 sin d
017 |b LK-CoDNA  |a 502924 
020 |a 9786245674275 
040 |a LK-CoNLD  |b TAM  |c LK-CoNLD  |d LK-CoNLD 
082 |2 23  |q LK-CoNLD 
100 |a [தொகைமதிப்பு புள்ளிவிபரத் திணைக்களம்].  |9 92485 
245 |6 880-1  |a இறுதி வரவு செலவுத்திட்ட நிலை அறிக்கை :  |b வருடாந்த அறிக்கை 2024.  |c நிதி, திட்டமிடல், இனவிவகார, தேசிய நல்லிணக்க அமைச்சு. 
260 |a இலங்கை :  |b தொகைமதிப்பு புள்ளிவிபரத் திணைக்களம்,  |c 2024. 
300 |a ப. [xxiv], 468 ; 
500 |a [Rs. 6740.00] 
880 |6 245-1  |a Irithie varavu selavuththtitta nilai arikkai (varudantha arikkai 2024.. 
942 |c BOOK 
945 |a 22  |b Logeshwary RAMASAMY  |c 22  |d Logeshwary RAMASAMY 
999 |c 298021  |d 298021